[Event "1er Grand Prix de l'Essonne B"]
[Site "Orsay"]
[Date "2009.02.15"]
[Round "1"]
[White "Baumhauer, Christian"]
[Black "Lebrun, Xavier"]
[Result "1/2-1/2"]
[WhiteElo "2031"]
[BlackElo "2217"]
[PlyCount "149"]
[EventDate "2009.02.15"]
[EventType "tourn"]
[EventRounds "7"]
[EventCountry "FRA"]

1. Nf3 Nf6 2. c4 d6 3. g3 e5 4. Bg2 Be7 5. O-O O-O 6. Nc3 Nbd7 7. Qc2 c6 8. d4
Qc7 9. b3 Re8 10. Bb2 b6 11. Rac1 Bb7 12. Rfd1 Bf8 13. Qb1 e4 14. Nh4 e3 15. f3
g6 16. Bh3 Rad8 17. Ng2 Bc8 18. Nf4 Qb8 19. Bg2 Bh6 20. Nd3 Nh5 21. f4 Bb7 22.
d5 c5 23. Ne4 Re7 24. Rf1 Rde8 25. g4 Rxe4 26. Bxe4 Rxe4 27. gxh5 Qe8 28. Qc2
b5 29. hxg6 hxg6 30. Rf3 bxc4 31. bxc4 Nb6 32. Ne5 Rxf4 33. Rxf4 Bxf4 34. Ng4
Nd7 35. Rf1 Bg5 36. Rf3 f5 37. Qc3 Ne5 38. Nxe5 dxe5 39. Qxe5 Qxe5 40. Bxe5 Kf7
41. Rh3 Ba6 42. Rh7+ Ke8 43. Rxa7 Bxc4 44. d6 Bd8 45. Kf1 g5 46. Ra4 Bb5 47.
Ra3 f4 48. Ke1 Kd7 49. Ra7+ Ke6 50. a4 Bc6 51. Bc3 Kxd6 52. a5 Kd5 53. Rg7 Kc4
54. Rg8 Be7 55. Rg7 Bd8 56. Rg6 Be4 57. Rd6 Bc7 58. Rd7 Bb8 59. Bf6 f3 60. exf3
Bxf3 61. Bxg5 e2 62. Rf7 Bh5 63. Bf4 Bxf7 64. Bxb8 Kb5 65. Bc7 Bh5 66. Kd2 c4
67. Bg3 Kxa5 68. Kc3 Kb5 69. Bf2 Bg4 70. Be1 Kc5 71. Bf2+ Kd5 72. Be1 Bh3 73.
Kd2 Bf1 74. h4 Bh3 75. Kxe2 1/2-1/2

[Event "1er Grand Prix de l'Essonne B"]
[Site "Orsay"]
[Date "2009.02.15"]
[Round "1"]
[White "Gidel, Jean Louis"]
[Black "Baron, Daniel"]
[Result "1-0"]
[WhiteElo "2160"]
[BlackElo "2118"]
[PlyCount "79"]
[EventDate "2009.02.15"]
[EventType "tourn"]
[EventRounds "7"]
[EventCountry "FRA"]

1. d4 d5 2. Nf3 Nf6 3. a3 c6 4. Bf4 Bf5 5. e3 e6 6. c4 Bd6 7. Bxd6 Qxd6 8. Nc3
Nbd7 9. Be2 O-O 10. Nh4 Bg6 11. c5 Qc7 12. Nxg6 hxg6 13. f4 Ne4 14. Nxe4 dxe4
15. O-O f5 16. Bc4 Rfe8 17. b4 Nf6 18. Qb3 Nd5 19. a4 a5 20. Bxd5 exd5 21. b5
Rab8 22. Rab1 Kf7 23. Rfc1 g5 24. fxg5 Kg6 25. Rf1 Kxg5 26. Qc3 Rh8 27. Rf4 b6
28. Rbf1 g6 29. Qe1 Rh5 30. Qg3+ Kh6 31. cxb6 Rxb6 32. Rc1 Qd6 33. bxc6 Rxc6
34. Rff1 Qd7 35. Qe5 Rxc1 36. Rxc1 Qxa4 37. Qf4+ Kg7 38. Rc7+ Kf6 39. h4 Qe8
40. Qd6+ 1-0

[Event "1er Grand Prix de l'Essonne B"]
[Site "Orsay"]
[Date "2009.02.15"]
[Round "1"]
[White "Rasinaru, Alina"]
[Black "Baron, Romuald"]
[Result "0-1"]
[WhiteElo "2018"]
[BlackElo "1942"]
[PlyCount "54"]
[EventDate "2009.02.15"]
[EventType "tourn"]
[EventRounds "7"]
[EventCountry "FRA"]

1. e4 e6 2. d4 d5 3. exd5 exd5 4. Bd3 c5 5. c3 Nc6 6. Nf3 Nf6 7. Bg5 Be7 8.
dxc5 Bxc5 9. O-O O-O 10. Nbd2 Qd6 11. Qc2 h6 12. Bxf6 Qxf6 13. Nb3 Bb6 14. Nbd4
Bg4 15. Nxc6 bxc6 16. Nd2 Rfe8 17. Nb3 Qg5 18. Qd2 Qxd2 19. Nxd2 Be2 20. Bxe2
Rxe2 21. Rad1 Rae8 22. c4 Rxf2 23. Rxf2 Re2 24. cxd5 Rxf2 25. Nc4 Rd2+ 26. Nxb6
Rxd1+ 27. Kf2 axb6 0-1

[Event "1er Grand Prix de l'Essonne B"]
[Site "Orsay"]
[Date "2009.02.16"]
[Round "2"]
[White "Lebrun, Xavier"]
[Black "Perrin, Guillaume"]
[Result "1/2-1/2"]
[WhiteElo "2217"]
[BlackElo "2302"]
[PlyCount "44"]
[EventDate "2009.02.15"]
[EventType "tourn"]
[EventRounds "7"]
[EventCountry "FRA"]

1. e4 c5 2. Nf3 Nc6 3. d4 cxd4 4. Nxd4 Nf6 5. Nc3 d6 6. f3 e6 7. Be3 a6 8. Qd2
Be7 9. O-O-O Nxd4 10. Qxd4 b5 11. e5 dxe5 12. Qxe5 Bd7 13. Bd3 Qb8 14. Qd4 Bc6
15. Bf4 Qb7 16. Rhe1 O-O 17. Be5 Rfd8 18. Qh4 h6 19. Qg3 Nh5 20. Qg4 Nf6 21.
Qg3 Nh5 22. Qg4 Nf6 1/2-1/2

[Event "1er Grand Prix de l'Essonne B"]
[Site "Orsay"]
[Date "2009.02.16"]
[Round "2"]
[White "Baron, Romuald"]
[Black "Marchand, Andre"]
[Result "1-0"]
[WhiteElo "1942"]
[BlackElo "2046"]
[PlyCount "61"]
[EventDate "2009.02.15"]
[EventType "tourn"]
[EventRounds "7"]
[EventCountry "FRA"]

1. e4 c6 2. d4 d5 3. Nc3 dxe4 4. Nxe4 Nf6 5. Nxf6+ gxf6 6. c3 Bf5 7. Nf3 Nd7 8.
g3 e6 9. Bg2 Qc7 10. O-O Bg4 11. c4 O-O-O 12. Qa4 Kb8 13. Be3 Nb6 14. Qb3 h5
15. Bf4 e5 16. Nxe5 Bd6 17. c5 fxe5 18. cxd6 Qd7 19. dxe5 Be6 20. Qe3 Rdg8 21.
h4 Rg6 22. Qd4 Rhg8 23. Rfe1 Rg4 24. Kh2 Nd5 25. Bf3 Nxf4 26. Bxg4 Rxg4 27.
gxf4 Qd8 28. Re3 Qxh4+ 29. Rh3 Rg2+ 30. Kxg2 Bxh3+ 31. Kf3 1-0

[Event "1er Grand Prix de l'Essonne B"]
[Site "Orsay"]
[Date "2009.02.16"]
[Round "2"]
[White "Baron, Daniel"]
[Black "Rasinaru, Alina"]
[Result "1-0"]
[WhiteElo "2118"]
[BlackElo "2018"]
[PlyCount "81"]
[EventDate "2009.02.15"]
[EventType "tourn"]
[EventRounds "7"]
[EventCountry "FRA"]

1. e4 c6 2. d4 d5 3. Nc3 dxe4 4. Nxe4 Bf5 5. Ng3 Bg6 6. h4 h6 7. h5 Bh7 8. Nf3
Nd7 9. Bd3 Bxd3 10. Qxd3 Qc7 11. Bd2 e6 12. O-O-O Ngf6 13. Kb1 Bd6 14. Ne4 Nxe4
15. Qxe4 Nf6 16. Qe2 O-O-O 17. c4 Rhe8 18. Bc3 Qe7 19. Ne5 c5 20. f4 Kb8 21.
Rh3 cxd4 22. Bxd4 Nd7 23. Rhd3 Nxe5 24. Bxe5 Bxe5 25. Qxe5+ Kc8 26. Qxg7 Rxd3
27. Rxd3 Rd8 28. Rxd8+ Qxd8 29. Kc2 Qd7 30. Qxh6 Qa4+ 31. Kc3 Qa5+ 32. Kd4 Qd2+
33. Ke5 Qxb2+ 34. Kd6 Qd4+ 35. Ke7 Qd8+ 36. Kxf7 Qd7+ 37. Kg8 Qc6 38. Qf8+ Kc7
39. h6 Kb6 40. h7 Qxg2+ 41. Qg7 1-0

[Event "1er Grand Prix de l'Essonne B"]
[Site "Orsay"]
[Date "2009.02.16"]
[Round "2"]
[White "Baumhauer, Christian"]
[Black "Gidel, Jean Louis"]
[Result "1/2-1/2"]
[WhiteElo "2031"]
[BlackElo "2160"]
[PlyCount "113"]
[EventDate "2009.02.15"]
[EventType "tourn"]
[EventRounds "7"]
[EventCountry "FRA"]

1. Nf3 d5 2. c4 c6 3. e3 Nf6 4. Nc3 Bg4 5. Qb3 Qb6 6. Ne5 Qxb3 7. axb3 e6 8. f3
Bf5 9. g4 Bc2 10. d4 Bxb3 11. c5 Nfd7 12. Nxd7 Nxd7 13. Kd2 g6 14. Ra3 Bc4 15.
Bxc4 dxc4 16. Na2 Bg7 17. Ke2 e5 18. Rd1 O-O 19. Ra4 Rfe8 20. Kf2 exd4 21. exd4
Nf6 22. Rxc4 Nd5 23. Nb4 Rad8 24. Nxd5 Rxd5 25. Be3 f5 26. g5 Rf8 27. f4 Re8
28. Kf3 Rd7 29. Ra4 a6 30. Ra3 Re4 31. Rad3 Kf7 32. Bf2 Ke6 33. b3 Kd5 34. h4
Ke6 35. R3d2 Bf8 36. Re2 Rxe2 37. Kxe2 Kd5 38. Kd3 Re7 39. Rc1 Bg7 40. Rc4 Bf8
41. Be3 Re4 42. Ra4 h5 43. Ra1 Be7 44. Ke2 Bd8 45. Ra4 Bc7 46. Kf3 Bd8 47. Rb4
Re7 48. Ra4 Bc7 49. Rb4 Ba5 50. Rc4 Be1 51. Rc1 Bxh4 52. Bd2 Re4 53. Bc3 Ke6
54. Rg1 Kd5 55. Rc1 Ke6 56. Rg1 Kd5 57. Rc1 1/2-1/2

[Event "1er Grand Prix de l'Essonne B"]
[Site "Orsay"]
[Date "2009.02.17"]
[Round "3"]
[White "Gidel, Jean Louis"]
[Black "Lebrun, Xavier"]
[Result "1/2-1/2"]
[WhiteElo "2160"]
[BlackElo "2217"]
[PlyCount "37"]
[EventDate "2009.02.15"]
[EventType "tourn"]
[EventRounds "7"]
[EventCountry "FRA"]

1. c4 Nf6 2. g3 g6 3. Bg2 Bg7 4. Nc3 O-O 5. d3 d6 6. e4 c5 7. Nge2 Nc6 8. O-O
Ne8 9. f3 Nc7 10. Be3 Ne6 11. Qd2 Ned4 12. Bh6 a6 13. Bxg7 Kxg7 14. Nxd4 Nxd4
15. Ne2 Nxe2+ 16. Qxe2 e5 17. f4 f6 18. Rf2 b6 19. Qf1 1/2-1/2

[Event "1er Grand Prix de l'Essonne B"]
[Site "Orsay"]
[Date "2009.02.17"]
[Round "3"]
[White "Rasinaru, Alina"]
[Black "Baumhauer, Christian"]
[Result "1/2-1/2"]
[WhiteElo "2018"]
[BlackElo "2031"]
[PlyCount "108"]
[EventDate "2009.02.15"]
[EventType "tourn"]
[EventRounds "7"]
[EventCountry "FRA"]

1. e4 e5 2. Nf3 Nc6 3. Bb5 a6 4. Bxc6 dxc6 5. d4 exd4 6. Qxd4 Bg4 7. Be3 Qxd4
8. Nxd4 O-O-O 9. f3 Bd7 10. Nc3 Bb4 11. Nde2 Ne7 12. O-O-O f6 13. Na4 b6 14.
Nxb6+ cxb6 15. Bxb6 Kb7 16. Bxd8 Rxd8 17. Rd3 Kc7 18. Rhd1 Ng6 19. f4 Be7 20.
g3 Bg4 21. Rxd8 Bxd8 22. Rd2 Bxe2 23. Rxe2 Be7 24. Kd2 Nf8 25. e5 f5 26. h3 Ne6
27. c3 a5 28. Ke3 g5 29. Kf3 h6 30. a3 c5 31. Re1 c4 32. Rd1 Kc6 33. a4 Bc5 34.
Rb1 Be7 35. b3 Kc5 36. b4+ axb4 37. Rxb4 gxf4 38. gxf4 Nd4+ 39. Kg2 Ne2 40. Rb7
Nxf4+ 41. Kf3 Nd5 42. a5 Kc6 43. a6 Nc7 44. Kf4 Bg5+ 45. Kxf5 Nxa6 46. Rg7 Nc5
47. Rg6+ Kc7 48. h4 Bxh4 49. Rg4 Be7 50. Kg6 Bg5 51. Rxc4 Kc6 52. Kf5 Be7 53.
e6 h5 54. Kg6 Kd5 1/2-1/2

[Event "1er Grand Prix de l'Essonne B"]
[Site "Orsay"]
[Date "2009.02.17"]
[Round "3"]
[White "Marchand, Andre"]
[Black "Baron, Daniel"]
[Result "1/2-1/2"]
[WhiteElo "2046"]
[BlackElo "2118"]
[PlyCount "140"]
[EventDate "2009.02.15"]
[EventType "tourn"]
[EventRounds "7"]
[EventCountry "FRA"]

1. d4 d5 2. c4 c6 3. cxd5 cxd5 4. Nf3 Nc6 5. Nc3 Nf6 6. Bf4 a6 7. e3 Bg4 8. Be2
e6 9. O-O Bd6 10. Bg3 O-O 11. Rc1 Rc8 12. a3 Bxg3 13. hxg3 Na5 14. Ne5 Bxe2 15.
Qxe2 Nd7 16. Nd3 Nc4 17. Na4 b6 18. Nc3 b5 19. a4 Qb6 20. axb5 axb5 21. Ra1 Rc7
22. Na2 Ra8 23. Nab4 Rca7 24. Rxa7 Rxa7 25. Rc1 g6 26. Qc2 h5 27. Qd1 Kg7 28.
g4 hxg4 29. Qxg4 Nf6 30. Qf4 Nh5 31. Qh4 Qd6 32. g3 Ra8 33. Qg4 Nxb2 34. Rc6
Qe7 35. Nc5 Nf6 36. Qf4 Nh5 37. Qg4 Nf6 38. Qf4 Nc4 39. Nbd3 Qe8 40. Rc7 Qh8
41. Kg2 Qe8 42. Ne5 Nd6 43. Nxg6 Kxg6 44. Qxd6 Rb8 45. Qe5 b4 46. Nd3 Nh5 47.
g4 Ng7 48. Nf4+ Kh7 49. Qf6 Kg8 50. Ng6 b3 51. Ne5 b2 52. Rxf7 Qxf7 53. Qxf7+
Kh8 54. Ng6+ Kh7 55. Nf8+ Rxf8 56. Qxf8 b1=Q 57. Qe7 Qe4+ 58. Kg3 Kg6 59. Qh4
e5 60. Qe7 exd4 61. Qxe4+ dxe4 62. exd4 Ne6 63. d5 Nc5 64. Kf4 Kf6 65. g5+ Kg6
66. d6 Ne6+ 67. Kxe4 Nxg5+ 68. Ke5 Nf7+ 69. Ke6 Nxd6 70. Kxd6 Kf5 1/2-1/2

[Event "1er Grand Prix de l'Essonne B"]
[Site "Orsay"]
[Date "2009.02.17"]
[Round "3"]
[White "Perrin, Guillaume"]
[Black "Baron, Romuald"]
[Result "1/2-1/2"]
[WhiteElo "2302"]
[BlackElo "1942"]
[PlyCount "104"]
[EventDate "2009.02.15"]
[EventType "tourn"]
[EventRounds "7"]
[EventCountry "FRA"]

1. e4 e6 2. d4 d5 3. Nc3 Nf6 4. e5 Nfd7 5. f4 c5 6. Nf3 Nc6 7. Be3 a6 8. Qd2 b5
9. a3 Qc7 10. Be2 Be7 11. O-O O-O 12. Kh1 f6 13. exf6 Nxf6 14. dxc5 Ng4 15. Nd4
Nxe3 16. Qxe3 Nxd4 17. Qxd4 Bxc5 18. Qd2 Bb7 19. Bd3 Kh8 20. Rae1 Rae8 21. Qe2
e5 22. fxe5 Rxf1+ 23. Rxf1 Rxe5 24. Qf3 Qe7 25. Qh3 h6 26. Qg3 Qg5 27. Qxg5
Rxg5 28. Rf7 Re5 29. Ne2 Be7 30. Kg1 Kg8 31. Rf5 Rxf5 32. Bxf5 Bc5+ 33. Kf1 d4
34. Nc1 Bd5 35. Nd3 Bd6 36. g3 Bc4 37. Ke2 a5 38. Kf3 Bxd3 39. Bxd3 b4 40. axb4
axb4 41. Ke4 Kf7 42. Kd5 Ke7 43. Bg6 Kd7 44. Bf5+ Kc7 45. Kc4 Be7 46. b3 Kb6
47. Bd7 Kc7 48. Ba4 Kb6 49. h4 Kc7 50. Kd5 Kb6 51. Ke6 Bf6 52. Kd6 Bd8 1/2-1/2

[Event "1er Grand Prix de l'Essonne B"]
[Site "Orsay"]
[Date "2009.02.18"]
[Round "4"]
[White "Lebrun, Xavier"]
[Black "Baron, Romuald"]
[Result "1/2-1/2"]
[WhiteElo "2217"]
[BlackElo "1942"]
[PlyCount "68"]
[EventDate "2009.02.15"]
[EventType "tourn"]
[EventRounds "7"]
[EventCountry "FRA"]

1. e4 e6 2. d4 d5 3. e5 c5 4. c3 Nc6 5. Nf3 Nh6 6. Bxh6 gxh6 7. Be2 Qb6 8. b4
cxb4 9. O-O Bd7 10. cxb4 Bxb4 11. Qd3 Be7 12. Nc3 a6 13. Rab1 Qa5 14. Rxb7 Nb4
15. Qd2 O-O-O 16. Rxb4 Bxb4 17. Rc1 Kb7 18. a3 Qxa3 19. Rb1 Ka8 20. Nb5 Bxb5
21. Bxb5 axb5 22. Rxb4 Rc8 23. Rb2 Qc3 24. Qe2 Rc4 25. g3 b4 26. Ra2+ Kb8 27.
Nd2 b3 28. Ra6 Rb4 29. Ra5 b2 30. Qa6 b1=Q+ 31. Nxb1 Qe1+ 32. Kg2 Qe4+ 33. Kh3
Qf5+ 34. Kg2 Qe4+ 1/2-1/2

[Event "1er Grand Prix de l'Essonne B"]
[Site "Orsay"]
[Date "2009.02.18"]
[Round "4"]
[White "Baron, Daniel"]
[Black "Perrin, Guillaume"]
[Result "1-0"]
[WhiteElo "2118"]
[BlackElo "2302"]
[PlyCount "71"]
[EventDate "2009.02.15"]
[EventType "tourn"]
[EventRounds "7"]
[EventCountry "FRA"]

1. c4 g6 2. Nc3 Bg7 3. g3 d6 4. Bg2 e5 5. e4 Ne7 6. Nge2 Be6 7. d3 Qd7 8. O-O
Bh3 9. f4 h5 10. Nd5 Nxd5 11. exd5 h4 12. Qe1 Na6 13. fxe5 Bxg2 14. Kxg2 Bxe5
15. d4 hxg3 16. Nxg3 Qh3+ 17. Kf3 Nb4 18. dxe5 Nd3 19. Qe2 Nxe5+ 20. Ke3 O-O-O
21. Kd2 Rde8 22. Kc2 Ng4 23. Qd3 Qxh2+ 24. Kb3 Ne5 25. Qc3 b5 26. cxb5 Qg2 27.
Bf4 Qxd5+ 28. Ka4 Nd7 29. Rfd1 Nc5+ 30. Ka3 Qb7 31. b4 Ne6 32. Bxd6 Qxb5 33.
Rac1 Qa6+ 34. Kb3 Qb7 35. Bxc7 Nxc7 36. Ne4 1-0

[Event "1er Grand Prix de l'Essonne B"]
[Site "Orsay"]
[Date "2009.02.18"]
[Round "4"]
[White "Baumhauer, Christian"]
[Black "Marchand, Andre"]
[Result "1-0"]
[WhiteElo "2031"]
[BlackElo "2046"]
[PlyCount "57"]
[EventDate "2009.02.15"]
[EventType "tourn"]
[EventRounds "7"]
[EventCountry "FRA"]

1. Nf3 Nf6 2. c4 g6 3. Nc3 d5 4. e3 Bg7 5. Qb3 dxc4 6. Bxc4 O-O 7. d4 Nc6 8.
Be2 e6 9. O-O Ne7 10. Bd2 c6 11. Rac1 b6 12. a4 Bd7 13. Ne5 Rc8 14. Bf3 h6 15.
Na2 Nfd5 16. Nd3 Kh8 17. e4 Nc7 18. Be3 Qe8 19. Nc3 f6 20. a5 bxa5 21. Nc5 e5
22. Rfd1 Rb8 23. Qa2 Bc8 24. d5 cxd5 25. exd5 Nf5 26. d6 Nxe3 27. fxe3 Be6 28.
Qxa5 Na8 29. d7 1-0

[Event "1er Grand Prix de l'Essonne B"]
[Site "Orsay"]
[Date "2009.02.18"]
[Round "4"]
[White "Gidel, Jean Louis"]
[Black "Rasinaru, Alina"]
[Result "1/2-1/2"]
[WhiteElo "2160"]
[BlackElo "2018"]
[PlyCount "124"]
[EventDate "2009.02.15"]
[EventType "tourn"]
[EventRounds "7"]
[EventCountry "FRA"]

1. d4 d5 2. Nf3 Nf6 3. a3 Bg4 4. Ne5 Bh5 5. c4 e6 6. Bg5 Be7 7. Qb3 Qc8 8. e3
c6 9. Nc3 O-O 10. g4 Bg6 11. h4 h6 12. Bxf6 Bxf6 13. Nxg6 fxg6 14. Qc2 e5 15.
dxe5 Bxe5 16. O-O-O Bxc3 17. bxc3 Qxg4 18. Bd3 Nd7 19. f4 Rae8 20. Rde1 Qg3 21.
Rhg1 Qxh4 22. Bxg6 Re7 23. cxd5 cxd5 24. Qd2 Nb6 25. Qd4 Qf6 26. Qxf6 Rxf6 27.
Bd3 Rc6 28. Kd2 Rec7 29. Rc1 Nc4+ 30. Bxc4 Rxc4 31. Rg6 R7c6 32. Rg3 g6 33.
Rcg1 Kg7 34. Rb1 Rxc3 35. Rxb7+ Rc7 36. Rxc7+ Rxc7 37. Kd3 Rc4 38. Rg2 Ra4 39.
Rc2 Rxa3+ 40. Kd4 Kf6 41. Rc5 Ke6 42. Rc6+ Kf5 43. Rc5 Ke6 44. Rc6+ Kf5 45. Rc5
h5 46. Rxd5+ Ke6 47. Re5+ Kf6 48. Ke4 Ra4+ 49. Kf3 a5 50. Rb5 Ra3 51. Rb6+ Kg7
52. Rb7+ Kh6 53. Rb6 Ra1 54. e4 Ra3+ 55. Kf2 Ra4 56. Kf3 Rb4 57. Ra6 Rb3+ 58.
Kf2 Rb4 59. Kf3 Rb3+ 60. Kf2 Rb2+ 61. Kg3 Rb3+ 62. Kf2 Rb2+ 1/2-1/2

[Event "1er Grand Prix de l'Essonne B"]
[Site "Orsay"]
[Date "2009.02.19"]
[Round "5"]
[White "Rasinaru, Alina"]
[Black "Lebrun, Xavier"]
[Result "0-1"]
[WhiteElo "2018"]
[BlackElo "2217"]
[PlyCount "72"]
[EventDate "2009.02.15"]
[EventType "tourn"]
[EventRounds "7"]
[EventCountry "FRA"]

1. e4 d6 2. d4 Nf6 3. Nc3 Nbd7 4. Nf3 e5 5. dxe5 dxe5 6. Bc4 Bb4 7. Bd2 O-O 8.
O-O c6 9. a3 Be7 10. h3 Qc7 11. Qe2 Nc5 12. Rfd1 Ne6 13. Be3 Nh5 14. Qf1 b5 15.
Ba2 Kh8 16. Ne2 a5 17. g4 Nf6 18. Ng3 Nf4 19. Ng5 Nxg4 20. Bxf4 exf4 21. Nxf7+
Rxf7 22. Bxf7 fxg3 23. hxg4 Qf4 24. fxg3 Qxg3+ 25. Qg2 Qxg4 26. Rd3 Bc5+ 27.
Kf1 Qf4+ 28. Rf3 Qh6 29. Rd1 Be6 30. Bxe6 Qxe6 31. Qg5 Qc4+ 32. Rfd3 Rf8+ 33.
Ke1 Qxe4+ 34. Kd2 Bd6 35. Kc3 Qc4+ 36. Kd2 Bf4+ 0-1

[Event "1er Grand Prix de l'Essonne B"]
[Site "Orsay"]
[Date "2009.02.19"]
[Round "5"]
[White "Marchand, Andre"]
[Black "Gidel, Jean Louis"]
[Result "1/2-1/2"]
[WhiteElo "2046"]
[BlackElo "2160"]
[PlyCount "125"]
[EventDate "2009.02.15"]
[EventType "tourn"]
[EventRounds "7"]
[EventCountry "FRA"]

1. d4 d5 2. c4 e6 3. Nc3 f5 4. Nf3 c6 5. Bf4 Nf6 6. e3 Be7 7. Be2 O-O 8. h3 Ne4
9. O-O Nd7 10. Rc1 Bf6 11. c5 Re8 12. b4 a6 13. a4 e5 14. Bh2 Qe7 15. Re1 g5
16. dxe5 Nxe5 17. Nxe5 Bxe5 18. Bxe5 Qxe5 19. Qd4 Bd7 20. Red1 Re7 21. Bf1 Rae8
22. Ne2 Kg7 23. Qxe5+ Rxe5 24. Nd4 g4 25. g3 gxh3 26. Bxh3 Kg6 27. Ne2 R5e7 28.
Nf4+ Kf7 29. Bg2 Rh8 30. Bf3 Nf6 31. Kg2 Kg7 32. Rh1 Be8 33. Rh4 Bg6 34. Rhh1
Rhe8 35. Rhd1 Nd7 36. Rd4 Nf8 37. b5 axb5 38. axb5 Ra8 39. Rb4 Bf7 40. bxc6
bxc6 41. Rb6 Rc7 42. Ne2 Nd7 43. Rb2 Ra5 44. Rbc2 Kf6 45. Nd4 Ne5 46. Be2 Bg6
47. Rc3 Be8 48. Rh1 Ra2 49. Rh6+ Bg6 50. Rh1 Ke7 51. Rb3 Nd7 52. Rc1 Ra5 53.
Rbc3 Kf6 54. Bd3 Ne5 55. Be2 Kf7 56. Rb3 Nd7 57. Rbc3 Kf6 58. Bd3 Ne5 59. Be2
Be8 60. Rh1 Bg6 61. Rhc1 Bf7 62. Rh1 Bg6 63. Rhc1 1/2-1/2

[Event "1er Grand Prix de l'Essonne B"]
[Site "Orsay"]
[Date "2009.02.19"]
[Round "5"]
[White "Perrin, Guillaume"]
[Black "Baumhauer, Christian"]
[Result "1-0"]
[WhiteElo "2302"]
[BlackElo "2031"]
[PlyCount "49"]
[EventDate "2009.02.15"]
[EventType "tourn"]
[EventRounds "7"]
[EventCountry "FRA"]

1. e4 e5 2. Nf3 Nc6 3. Bb5 a6 4. Bxc6 dxc6 5. O-O f6 6. d4 exd4 7. Nxd4 c5 8.
Ne2 Qxd1 9. Rxd1 Bd7 10. Nbc3 O-O-O 11. f3 h5 12. Nf4 Bd6 13. Ng6 Rh7 14. Bf4
Bxf4 15. Nxf4 g5 16. Nfd5 Be8 17. Kf2 b5 18. Ne2 Rd6 19. c4 Kb7 20. Ng3 Bg6 21.
a4 h4 22. Ne2 b4 23. Nc1 Rhd7 24. Nb3 Kc6 25. Na5# 1-0

[Event "1er Grand Prix de l'Essonne B"]
[Site "Orsay"]
[Date "2009.02.19"]
[Round "5"]
[White "Baron, Romuald"]
[Black "Baron, Daniel"]
[Result "1/2-1/2"]
[WhiteElo "1942"]
[BlackElo "2118"]
[PlyCount "41"]
[EventDate "2009.02.15"]
[EventType "tourn"]
[EventRounds "7"]
[EventCountry "FRA"]

1. d4 Nf6 2. c4 e6 3. Nf3 b6 4. g3 Bb7 5. Bg2 Be7 6. O-O O-O 7. Nc3 Ne4 8. Qc2
Nxc3 9. Qxc3 Be4 10. Bf4 Nc6 11. Ne5 Bxg2 12. Kxg2 Nxe5 13. Bxe5 c6 14. Rfd1 d5
15. Rac1 Rc8 16. cxd5 cxd5 17. Qxc8 Qxc8 18. Rxc8 Rxc8 19. Bf4 Rc2 20. Rc1 Rxc1
21. Bxc1 1/2-1/2

[Event "1er Grand Prix de l'Essonne B"]
[Site "Orsay"]
[Date "2009.02.20"]
[Round "6"]
[White "Lebrun, Xavier"]
[Black "Baron, Daniel"]
[Result "1-0"]
[WhiteElo "2217"]
[BlackElo "2118"]
[PlyCount "69"]
[EventDate "2009.02.15"]
[EventType "tourn"]
[EventRounds "7"]
[EventCountry "FRA"]

1. e4 e6 2. d4 d5 3. Nc3 Nf6 4. e5 Nfd7 5. f4 c5 6. Nf3 Nc6 7. Be3 a6 8. a3 b5
9. dxc5 Bxc5 10. Bxc5 Nxc5 11. b4 Nd7 12. Bd3 Qb6 13. Kd2 Qf2+ 14. Qe2 Qxe2+
15. Nxe2 Nb6 16. Ned4 Nxd4 17. Nxd4 Bd7 18. g4 O-O 19. f5 f6 20. exf6 e5 21.
fxg7 Kxg7 22. Nb3 Rae8 23. Nc5 Bc8 24. a4 Nc4+ 25. Bxc4 dxc4 26. axb5 axb5 27.
Kc3 Rd8 28. Rhd1 h5 29. Rxd8 Rxd8 30. Ra8 Kf6 31. Ne4+ Ke7 32. f6+ Ke6 33. g5
Kf5 34. Rxc8 Rd4 35. f7 1-0

[Event "1er Grand Prix de l'Essonne B"]
[Site "Orsay"]
[Date "2009.02.20"]
[Round "6"]
[White "Baumhauer, Christian"]
[Black "Baron, Romuald"]
[Result "1-0"]
[WhiteElo "2031"]
[BlackElo "1942"]
[PlyCount "73"]
[EventDate "2009.02.15"]
[EventType "tourn"]
[EventRounds "7"]
[EventCountry "FRA"]

1. Nf3 Nf6 2. c4 e6 3. Nc3 Bb4 4. Qc2 O-O 5. a3 Bxc3 6. Qxc3 a5 7. b3 b6 8. Bb2
d6 9. g3 Nbd7 10. Bg2 Bb7 11. O-O Nc5 12. a4 Rc8 13. d3 Na6 14. h4 c5 15. Rad1
Qe7 16. Ng5 Bxg2 17. Kxg2 d5 18. e4 d4 19. Qd2 Ng4 20. Qe2 h5 21. Bc1 f6 22.
Nh3 Nb4 23. Bd2 Rce8 24. f3 Ne5 25. Nf2 Qf7 26. f4 Ng6 27. Nh3 Ne7 28. Kh2 Kh7
29. Rg1 Ng8 30. g4 hxg4 31. Rxg4 Nh6 32. Rg3 Kh8 33. Rdg1 Re7 34. Rg6 f5 35.
Qh5 Nxd3 36. Rxh6+ gxh6 37. Qxh6+ 1-0

[Event "1er Grand Prix de l'Essonne B"]
[Site "Orsay"]
[Date "2009.02.20"]
[Round "6"]
[White "Gidel, Jean Louis"]
[Black "Perrin, Guillaume"]
[Result "0-1"]
[WhiteElo "2160"]
[BlackElo "2302"]
[PlyCount "86"]
[EventDate "2009.02.15"]
[EventType "tourn"]
[EventRounds "7"]
[EventCountry "FRA"]

1. c3 Nf6 2. d4 d5 3. e3 g6 4. f4 Bg7 5. Nf3 O-O 6. Bd3 c5 7. Nbd2 Nc6 8. O-O
Nd7 9. Ne5 Ndxe5 10. fxe5 f6 11. exf6 Rxf6 12. dxc5 Ne5 13. Be2 Qc7 14. Nf3
Qxc5 15. Qd4 Qd6 16. Qh4 Bg4 17. Bd2 Raf8 18. Ng5 Rxf1+ 19. Rxf1 Rxf1+ 20. Bxf1
h6 21. Nh3 g5 22. Qg3 Qg6 23. Nf2 Bf5 24. Nd1 Bd3 25. Qe1 Bxf1 26. Kxf1 Nc4 27.
Qe2 Qb1 28. b3 Nb2 29. Ke1 Nxd1 30. Qxd1 Qxa2 31. b4 a6 32. Qh5 Qb1+ 33. Ke2
Qe4 34. Qf3 b5 35. Qxe4 dxe4 36. g4 Kf7 37. Kd1 Ke6 38. Kc2 Kd5 39. Kb3 Be5 40.
h3 Bg3 41. Bc1 Be1 42. Kc2 Kc4 43. Kd1 Bxc3 0-1

[Event "1er Grand Prix de l'Essonne B"]
[Site "Orsay"]
[Date "2009.02.20"]
[Round "6"]
[White "Rasinaru, Alina"]
[Black "Marchand, Andre"]
[Result "1/2-1/2"]
[WhiteElo "2018"]
[BlackElo "2046"]
[PlyCount "103"]
[EventDate "2009.02.15"]
[EventType "tourn"]
[EventRounds "7"]
[EventCountry "FRA"]

1. e4 c6 2. d4 d5 3. e5 Bf5 4. g4 Bd7 5. Bd3 c5 6. dxc5 Nc6 7. Bf4 e6 8. Nd2
Bxc5 9. Nb3 Bb6 10. Nf3 Nge7 11. Qe2 Nb4 12. O-O Nxd3 13. cxd3 O-O 14. Rac1 Rc8
15. Rxc8 Qxc8 16. Rc1 Qb8 17. Be3 Bxe3 18. Qxe3 b6 19. d4 Rc8 20. Rxc8+ Qxc8
21. Qc3 Qxc3 22. bxc3 Ng6 23. Kf1 Bb5+ 24. Ke1 f6 25. Kd2 Kf7 26. Ke3 Ne7 27.
Nbd2 Nc6 28. h4 h6 29. h5 a5 30. Kf4 Na7 31. Ke3 Nc6 32. a3 Ne7 33. Nh4 Ba6 34.
f4 Nc6 35. Ndf3 b5 36. f5 Bc8 37. fxe6+ Bxe6 38. Nf5 b4 39. cxb4 axb4 40. axb4
Nxb4 41. N3h4 Nc6 42. Ng6 Bd7 43. Nd6+ Kg8 44. exf6 gxf6 45. Nf5 Bxf5 46. gxf5
Kf7 47. Kd3 Kg7 48. Kc3 Kf7 49. Nh4 Ke8 50. Ng2 Ne7 51. Ne3 Kd7 52. Kd3 1/2-1/2

[Event "1er Grand Prix de l'Essonne B"]
[Site "Orsay"]
[Date "2009.02.21"]
[Round "7"]
[White "Marchand, Andre"]
[Black "Lebrun, Xavier"]
[Result "0-1"]
[WhiteElo "2046"]
[BlackElo "2217"]
[PlyCount "66"]
[EventDate "2009.02.15"]
[EventType "tourn"]
[EventRounds "7"]
[EventCountry "FRA"]

1. d4 Nf6 2. Nf3 d6 3. c4 Nbd7 4. Nc3 e5 5. e4 Be7 6. g3 O-O 7. Bg2 c6 8. O-O
Re8 9. h3 Bf8 10. Be3 exd4 11. Nxd4 Nc5 12. Qc2 a5 13. Rfe1 a4 14. Rab1 Qa5 15.
b4 axb3 16. axb3 Qb4 17. Bd2 Qb6 18. Be3 Qc7 19. f4 Bd7 20. b4 Ne6 21. Nf3 b5
22. f5 Nd8 23. Ra1 Rxa1 24. Rxa1 bxc4 25. Ra7 Qb8 26. Qa4 Bxf5 27. Nd2 d5 28.
Bf4 Qb6+ 29. Kh2 Nxe4 30. Ndxe4 Bxe4 31. Nxe4 dxe4 32. Ra8 e3 33. Rb8 Qxb8 0-1